000 01566nam a2200445 c 4500
001 9289
003 ES-MaCES
005 20141221122013.0
008 990827s1999 sp t 000 | spa d
017 _aM 24390-1999
_bDL
020 _a8447012425
035 _aCES19990012272m
040 _aES-MaCES
_bspa
_cES-MaCES
100 1 _aCarril Vázquez, Xosé Manuel
_99127
245 1 3 _aLa Seguridad Social de los trabajadores del mar
_cXosé Manuel Carril Vázquez ; prólogo de Jesús Martínez Girón
250 _a1ª ed
260 _aMadrid
_bCivitas
_c1999
300 _a509 p.
_c20 cm
490 1 _aMonografías Cívitas
500 _aEn la port.: Universidad da Coruña
500 _aEn la port., además: Ilustre Colegio Oficial de Graduados Sociales de A Coruña
504 _aBibliografía: p. 493-509
541 _cCompra
610 2 4 _aInstituto Social de la Marina (España)
_94323
650 4 _amarino
_928447
650 4 _aregímenes especiales de Seguridad Social
_931067
650 4 _aprotección social
_929076
650 4 _aEspaña
_926964
650 4 _alegislación de seguridad social
_929855
650 4 _arégimen jurídico
_929894
650 4 _aderecho comparado
_929868
653 1 0 _aSeguridad Social
700 1 _aMartínez Girón, Jesús
_ecol.
_917841
710 2 _aUniversidad de La Coruña
_95292
710 2 _aColegio Oficial de Graduados Sociales de A Coruña
_91997
830 0 _aMonografías Cívitas
_932153
902 _aLIB Libro
942 _2CES
_cBK
_h3.0.
999 _c9289
_d9289